El Prestigio internacional de Flores: ¿logro o vergüenza?
Uloženo v:
| Médium: | Text |
|---|---|
| Témata: | |
| Tagy: |
Přidat tag
Žádné tagy, Buďte první, kdo vytvoří štítek k tomuto záznamu!
|
MARC
| LEADER | 00000 a a2200000 04500 | ||
|---|---|---|---|
| 001 | 6577 | ||
| 003 | |||
| 040 | |||
| 245 | |a El Prestigio internacional de Flores: |b ¿logro o vergüenza? | ||
| 650 | |a JEFES DE ESTADO | ||
| 650 | |a POLITICOS | ||
| 773 | |g volumen 23, número 1002; páginas 10-11 | ||
| 999 | |c 21423 |d 21423 | ||
